000
00326nam a2200121Ia 4500
008
241028s9999 xx 000 0 und d
041
_a
eng
082
_a
338.9 LOC
100
_a
Christopher Lockhart
245
_a
Economic Development, Growth And Institutions
260
_b
Willford Press
_a
USA
_c
2023
300
_a
232;. P. 25 cm
999
_c
42760
_d
42760